000 00609cam a2200241 4500
001 J1968
008 090401t1993 xxu||||| |||| 00| 0 eng d
035 _a(Sirsi) u46541
041 _aeng
050 _a711.552
110 _aKnight Frank and Rutley
_91990
245 _aRetail review. - Spring 1993
260 _aLondon
_bKnight Frank and Rutley
_c1993
300 _a1 pt. ; 30cm.
350 _a0
650 _aRECESSION
650 _aRETAIL PROPERTY
650 _aRETAILING
650 _aSHOPPING
690 _aPROPERTY-COMMERCIAL PROPERTY-RETAIL PROPERTY
942 _n0
948 _c04/03/1997
999 _c91938
_d91938